Contemporary advertising/ (Record no. 163560)

MARC details
000 -LEADER
fixed length control field 00613nam a2200193 4500
005 - DATE AND TIME OF LATEST TRANSACTION
control field 20190424105713.0
010 ## - LCCN (DPL NO)
LC control number ENG-125065
020 ## - INTERNATIONAL STANDARD BOOK NUMBER
International Standard Book Number 9788187883517
Terms of availability 500.00
035 ## - SYSTEM CONTROL NUMBER
System control number EN-108597
037 ## - SOURCE OF ACQUISITION
Source of stock number/acquisition DBAD/PUB
082 ## - DEWEY DECIMAL CLASSIFICATION NUMBER
Classification number 659.1
245 ## - TITLE STATEMENT
Title Contemporary advertising/
Statement of responsibility, etc ed. by Ravi Shankar [and] Madhulika Shankar
260 ## - PUBLICATION, DISTRIBUTION, ETC. (IMPRINT)
Place of publication, distribution, etc Ambala Cantt
Name of publisher, distributor, etc IBA Publications
Date of publication, distribution, etc 2013
270 ## - ADDRESS
Address 6269-P, Nicholson Road
City Ambala Cantt
Postal code 133001
Electronic mail address ibapublications@hotmail.com
300 ## - PHYSICAL DESCRIPTION
Extent xiv,278p.
Dimensions 23cm.(Hb)
700 ## - ADDED ENTRY--PERSONAL NAME
Personal name Shankar,Ravi
700 ## - ADDED ENTRY--PERSONAL NAME
Personal name Shankar,Madhulika
942 ## - ADDED ENTRY ELEMENTS (KOHA)
Source of classification or shelving scheme Dewey Decimal Classification
Item type English Books
Classification part 659.1
Call number suffix CON
Holdings
Withdrawn status Lost status Not for loan Collection code Home library Current library Date acquired Source of acquisition Cost, normal purchase price Full call number Barcode Copy number Cost, replacement price Koha item type
    Not For Loan Non-fiction D.B.Act.Division Ashok Vihar 24/04/2019 DBAD/PUB 500.00 659.1 CON EN-108597 1 500.00 English Books

© Delhi Public Library
Hit Counter
free hit counter